Ruśa biplaba o Bāṃlāra mukti āndolana. (Record no. 79198)

MARC details
000 -LEADER
fixed length control field 00656cam a22002411 4500
001 - CONTROL NUMBER
control field sa 68003063
003 - CONTROL NUMBER IDENTIFIER
control field DLC
005 - DATE AND TIME OF LATEST TRANSACTION
control field 20260227112449.0
008 - FIXED-LENGTH DATA ELEMENTS--GENERAL INFORMATION
fixed length control field 890918s1967 ii 000 0 beno
010 ## - LIBRARY OF CONGRESS CONTROL NUMBER
LC control number sa 68003063
035 ## - SYSTEM CONTROL NUMBER
System control number (OCoLC)20361505
040 ## - CATALOGING SOURCE
Original cataloging agency DLC
Transcribing agency WaU
Modifying agency DLC
042 ## - AUTHENTICATION CODE
Authentication code premarc
043 ## - GEOGRAPHIC AREA CODE
Geographic area code a-ii---
-- e-ur---
050 00 - LIBRARY OF CONGRESS CALL NUMBER
Classification number DS485.B49
Item number C47
100 1# - MAIN ENTRY--PERSONAL NAME
Personal name Chattopadhyaya, Gautam.
245 10 - TITLE STATEMENT
Title Ruśa biplaba o Bāṃlāra mukti āndolana.
260 ## - PUBLICATION, DISTRIBUTION, ETC.
Date of publication, distribution, etc. [1967]
300 ## - PHYSICAL DESCRIPTION
Extent 3, 88 p.
Dimensions 22 cm.
500 ## - GENERAL NOTE
General note In Bengali.
651 #0 - SUBJECT ADDED ENTRY--GEOGRAPHIC NAME
Geographic name Bengal (India)
General subdivision History.
651 #0 - SUBJECT ADDED ENTRY--GEOGRAPHIC NAME
Geographic name Soviet Union
General subdivision History
Chronological subdivision Revolution, 1917-1921
General subdivision Influence.

No items available.

Powered by Koha